TAFSIR SAINTIFIK AL-QURAN : (Record no. 174064)

MARC details
000 -LEADER
fixed length control field 01514nam a22003017i 4500
003 - CONTROL NUMBER IDENTIFIER
control field PPAK
005 - DATE AND TIME OF LATEST TRANSACTION
control field 20190829143542.0
008 - FIXED-LENGTH DATA ELEMENTS--GENERAL INFORMATION
fixed length control field 190829s2019 my a g 001 0 may d
020 ## - INTERNATIONAL STANDARD BOOK NUMBER
International Standard Book Number 9789674405908
Terms of availability RM26.00
Qualifying information paperback
040 ## - CATALOGING SOURCE
Original cataloging agency PPAK
Language of cataloging eng
Transcribing agency PPAK
Description conventions rda
082 04 - DEWEY DECIMAL CLASSIFICATION NUMBER
Edition number 23
Classification number 297.12261
090 00 - LOCALLY ASSIGNED LC-TYPE CALL NUMBER (OCLC); LOCAL CALL NUMBER (RLIN)
Classification number (OCLC) (R) ; Classification number, CALL (RLIN) (NR) 297.12261
Feature heading MUH
Feature heading G
100 0# - MAIN ENTRY--PERSONAL NAME
Personal name Muhammad Widus Sempo,
Titles and words associated with a name Dr.,
Relator term author.
245 00 - TITLE STATEMENT
Title TAFSIR SAINTIFIK AL-QURAN :
Remainder of title Penerokaan Sains yang Diintegrasikan dengan Wahyu /
Statement of responsibility, etc. Muhammad Widus Sempo
264 #1 - PRODUCTION, PUBLICATION, DISTRIBUTION, MANUFACTURE, AND COPYRIGHT NOTICE
Place of production, publication, distribution, manufacture Bandar Baru Nilai, Negeri Sembilan :
Name of producer, publisher, distributor, manufacturer PENERBIT USIM, Universiti Sains Islam Malaysia,
Date of production, publication, distribution, manufacture, or copyright notice 2019
300 ## - PHYSICAL DESCRIPTION
Extent viii, 184 pages :
Other physical details illustrations ;
Dimensions 23 cm
336 ## - CONTENT TYPE
Source rdacontent
Content type term text
337 ## - MEDIA TYPE
Source rdamedia
Media type term unmediated
338 ## - CARRIER TYPE
Source rdacarrier
Carrier type term volume
500 ## - GENERAL NOTE
General note Includes index
504 ## - BIBLIOGRAPHY, ETC. NOTE
Bibliography, etc. note Bibliography pages : [173]-182
520 ## - SUMMARY, ETC.
Summary, etc. Adakah al-Quran kitab sains? Bagaimanakah kedudukan tafsir saintifik al-Quran di mata para ulama? Adakah boleh melakukan copy paste atau short cut kepada huraian-huraian sains yang banyak dijumpai dalam pelbagai media massa dan kemudian diambil sebagai tafsiran terhadap ayat-ayat al-Quran? Kesemua soalan ini menanti jawapan. Buku ini menjawab kesemua soalan tersebut dan masalah lain yang sering dipertikaikan dalam dunia akademik berkaitan tafsir saintifik al-Quran.
650 10 - SUBJECT ADDED ENTRY--TOPICAL TERM
Topical term or geographic name entry element Koran and sciences
Topical term or geographic name entry element Qur'an
Form subdivision Criticism, interpretation, etc.
Topical term or geographic name entry element Qur'an
Form subdivision Translating
Topical term or geographic name entry element Governmet publications
Geographic subdivision Malaysia
942 ## - ADDED ENTRY ELEMENTS (KOHA)
Source of classification or shelving scheme Dewey Decimal Classification
Koha item type Book
Holdings
Withdrawn Not for loan Current library Shelving location Date acquired Total Checkouts Total Renewals Full call number Barcode Date last seen Date last checked out Koha item type
    Perpustakaan Alor Setar Pinjaman Dewasa 25/09/2019 1 1 297.12261 MUH A01615492 04/12/2022 14/09/2022 Book
    Perpustakaan Awam Sungai Petani Pinjaman Dewasa 25/09/2019     297.12261 MUH A01615493 25/09/2019   Book
    Perpustakaan Jitra Pinjaman Dewasa 25/09/2019 1   297.12261 MUH A01615495 26/02/2025 03/02/2025 Book
    Perpustakaan Kulim Pinjaman Dewasa 25/09/2019     297.12261 MUH A01615494 25/09/2019   Book
    Perpustakaan Langkawi Pinjaman Dewasa 25/09/2019     297.12261 MUH A01615496 25/09/2019   Book